MATHEMATICS-VIII (Record no. 11217)
[ view plain ]
| 000 -LEADER | |
|---|---|
| fixed length control field | 00279nam a22001217a 4500 |
| 008 - FIXED-LENGTH DATA ELEMENTS--GENERAL INFORMATION | |
| fixed length control field | 181012b ||||| |||| 00| 0 eng d |
| 020 ## - INTERNATIONAL STANDARD BOOK NUMBER | |
| International Standard Book Number | 818992804X |
| 100 ## - MAIN ENTRY--PERSONAL NAME | |
| Personal name | SHARMA.R.D |
| 9 (RLIN) | 6971 |
| 245 ## - TITLE STATEMENT | |
| Title | MATHEMATICS-VIII |
| 300 ## - PHYSICAL DESCRIPTION | |
| Extent | BOOK |
| 760 ## - MAIN SERIES ENTRY | |
| Edition | MATHEMATICS-VIII |
| 942 ## - ADDED ENTRY ELEMENTS (KOHA) | |
| Source of classification or shelving scheme | Dewey Decimal Classification |
| Koha item type | BOOK |
| Withdrawn status | Lost status | Source of classification or shelving scheme | Damaged status | Not for loan | Home library | Current library | Shelving location | Date acquired | Total Checkouts | Total Renewals | Full call number | Barcode | Date last seen | Date last checked out | Price effective from | Koha item type |
|---|---|---|---|---|---|---|---|---|---|---|---|---|---|---|---|---|
| Dewey Decimal Classification | Good Samaritan School Library | Good Samaritan School Library | Mathematics | 10/12/2018 | 8 | 2 | SHA510 | SHA15183 | 11/13/2019 | 11/06/2019 | 10/12/2018 | BOOK |